000 00709nam a2200241Ia 4500
003 OSt
005 20220926031830.0
006 a|||||r|||| 00| 0
007 ta
008 220923b |||||||| |||| 00| 0 eng d
037 _cGeneral Book
040 _aRTL
_cRTL
_beng
041 _2eng
_aeng
082 _aV245,13:91.N94, N5/GD
110 _aHimachal Pradesh, Election (Deptt)
245 0 _aReport on General Elections to Himachal Pradesh
260 _aSimla
_bGovt Press
_c1995
300 _a100p
_ccm.
650 _aHistory of Punjab
_9230383
700 _aHimachal Pradesh, Election (Deptt)
942 _hV245,13:91.N94, N5/GD
_cGB
_2CC
999 _c653293
_d653293